| 000 | 00751nam a22001577a 4500 | ||
|---|---|---|---|
| 003 | OSt | ||
| 005 | 20160104162402.0 | ||
| 008 | 160104b xxu||||| |||| 00| 0 eng d | ||
| 040 | _cRUA | ||
| 082 | _aLMA KIM 2012 B317 Or.1 | ||
| 100 |
_95993 _aKIM, SAUSOREKAN. |
||
| 245 | _aStudy on the process of providing the economic land concession in kon kriel commune samrong city uddor meanchey province, សិក្សាពីដំណើរការផ្ដល់សម្បទានដីសេដ្ឋកិច្ចក្នុងសង្កាត់កូនក្រៀល ក្រុងសំរោង ខេត្តឧត្តរមានជ័យ | ||
| 260 |
_aPhnom Penh _bRUA _c2012 |
||
| 300 |
_aviii; 48p. _bill. _c29cm. |
||
| 942 |
_2ddc _cLMA |
||
| 999 |
_c5590 _d5590 |
||